000 00359 a2200169 4500
001 61647
020 _a9788526241831
040 _cAnchieta - Pituba
100 _aCarrasco, Walcyr
240 1 0 _aA megera domada
_lpor
245 1 0 _aA megera domada
300 _a119
362 0 _a2001
440 1 _aScipione
650 4 _aLiteratura juvenil
942 _cBK
999 _c61647
_d61647